It looks like you're offline.
Open Library logo
additional options menu

MARC Record from Scriblio

Record ID marc_records_scriblio_net/part19.dat:25025720:935
Source Scriblio
Download Link /show-records/marc_records_scriblio_net/part19.dat:25025720:935?format=raw

LEADER: 00935cam 2200277 a 4500
001 86188205 //r90
003 DLC
005 19900709081156.4
008 870825s1986 enk b 00110beng
010 $a 86188205 //r90
020 $a0862325102 :$c£16.95
020 $a0862325110 (hard)
040 $aDLC$cDLC$dDLC
043 $anwcu---
050 00 $aF1783.M38$bT87 1986
100 10 $aTurton, Peter.
245 10 $aJosé Martí, architect of Cuba's freedom /$cPeter Turton.
260 0 $aLondon :$bZed Books ;$aTotowa, N.J., USA :$bUS distributor, Biblio Distribution Center,$c1986.
300 $avii, 157 p. ;$c23 cm.
440 0 $aThird World books
504 $aBibliography: p. 153-154.
500 $aIncludes index.
600 10 $aMartí, José,$d1853-1895$xPolitical and social views.
651 0 $aCuba$xPolitics and government$y1810-1899.
650 0 $aStatesmen$zCuba$xBiography.
650 0 $aRevolutionaries$zCuba$xBiography.